Score 0/20 Timer 06:00
0 Plays Today
% Correct
Sicily
91.5%
Sardinia
89.3%
Tuscany
77.7%
Veneto
76.9%
Lazio
75.4%
Lombardy
72.7%
Trentino-South Tyrol
72%
Piedmont
71.4%
Friuli Venezia Giulia
67.7%
Emilia-Romagna
66.7%
% Correct
Calabria
66.5%
Aosta Valley
65.5%
Liguria
63.2%
Apulia
62.3%
Molise
61.1%
Umbria
58.5%
Campania
58.2%
Marche
56.4%
Basilicata
56.2%
Abruzzo
53.9%
Remove Ads.
Support Sporcle.
Get the best of Sporcle when you Go Orange. This ad-free experience offers more features, more stats, and more fun while also helping to support Sporcle. Thank you for becoming a member.

You're not logged in!

Compare scores with friends on all Sporcle quizzes.
OR
Log In

Show Comments

Extras

Top Quizzes Today


Score Distribution

Your Account Isn't Verified!

In order to create a playlist on Sporcle, you need to verify the email address you used during registration. Go to your Sporcle Settings to finish the process.

Report this User

Report this user for behavior that violates our Community Guidelines.

Details: